Focus sur: Florian Fortarôme - Harry Potter - Statistiques

Statistiques générales
  • Ce quiz a été pris 70 fois
    60 depuis la dernière actualisation
  • Le résultat moyen est 4 sur 5
Statistiques - réponses
Informations recherchées Réponses % Correct
Ecole fréquentée Poudlard
96%
Maison fréquentée Serdaigle
94%
Première apparition Harry Potter et le prisonnier d'Azkaban
87%
Lieu de rencontre avec Harry Potter Chemin de Traverse
85%
Profession Vendeur de glaces
67%
Aucun quiz correspondant
Distribution des résultats
% des personnes avec chaque résultat
Percentile par nombre de réponses
Votre historique - résultats
Vous n’avez pas pris ce quiz depuis la dernière actualisation